Práce s lidmi je prioritou pro lídry mnoha velkých světových firem

Aké priority majú v súvislosti s riadením a rozvojom ľudských zdrojov top manažéri veľkých zahraničných korporácií.

Salvato in:
Dettagli Bibliografici
Natura: Capitolo di libro
Lingua:ceco
Soggetti:
Tags: Aggiungi Tag
Nessun Tag, puoi essere il primo ad aggiungerne!!

MARC

LEADER 00000naa$a2200000$$$4500
001 0090043
005 20231113131313.1
041 0 |a cze 
044 |a CZ 
245 1 0 |a Práce s lidmi je prioritou pro lídry mnoha velkých světových firem 
520 |a Aké priority majú v súvislosti s riadením a rozvojom ľudských zdrojov top manažéri veľkých zahraničných korporácií. 
610 2 0 |a korporácie 
610 2 0 |a zamestnanci 
610 2 0 |a zdroje ľudské 
610 2 0 |a riadenie ľudských zdrojov 
610 2 0 |a manažment strategický 
610 2 0 |a inovácia 
610 2 0 |a práca s ľuďmi